Nazwy miejscowe powiatu jaworskiego
| Titel: | Nazwy miejscowe powiatu jaworskiego |
|---|---|
| Verfasser: | |
| In: |
Wrocławskie Towarzystwo Naukowe. Komisja Językowa: Rozprawy Komisji Językowej, Band 29 (2003), Seite 131-145 alle Artikel anzeigen |
| Veröffentlicht: | 2003 |
| Format: | Aufsatz |
| Sprache: | Polnisch |
X
alg: 39458805
001A $01999:12-11-16
001B $01999:30-05-21 $t14:36:18.000
001C $06050:19-11-16 $t08:50:35.000
001D $01999:12-11-16
001U $0utf8
001X $00
002@ $0Aox
003@ $0394588053
007A $0394588053 $aHEB
007T $0Herdww037661
010@ $apol
011@ $a2003
021A $aNazwy miejscowe powiatu jaworskiego
027A $aOrtsnamen des Kreises Jauer
028A $aJaworska $dHanna
031A $d29 $h131-145 $j2003
039B $aIn $8--Abvc--Wrocławskie Towarzystwo Naukowe$bKomisja Językowa [Tb1]. Rozprawy Komisji Językowej. - Wrocław {[u.a.] : Państw. Wydawn. Naukowe, 1959-2015. - ISSN 0084-2990 $x200300000290000869 $9047286199
045F $a307.09438 $eDDC23BSB
045F/01 $a307.09
045F/03 $g438
045F/03 $g4385
045T $a7,11 $a7,39
045T $aLING $qDE-30 $2FID
046C $aOrtsnamen des Kreises Jauer $bÜbers. des Hauptsacht.
lok: 39458805 78
exp: 39458805 78 1 #EPN
201B/01 $024-10-19 $t22:53:38.000
201U/01 $0utf8
203@/01 $079069848X
208@/01 $a12-11-16 $be
209A/01 $a/ $f000 $x00
220C/01 $aTitelaufnehmer: RH
244Z/01 $2Trx $#Silesia $#Śląsk $#Sliezsko $#Slezsko $8--Trx--Schlesien $x01 $9391173987
244Z/01 $2Trx $#Poola $#Lenkija $#Polija $#Polen Land $#Poland $#Lengyelország $#Poľsko $#Polsko $8--Trx--Polska$gkraj $x02 $9391345966
244Z/01 $8--Tg3--Powiat Jaworski $x03 $9454628374
244Z/01 $aGeschichte 1200-1950 $x04
244Z/01 $2Trx $#nimeteadus asukohad $#onomastika vietovardžiai $#onomatology places $#névtan helységek $#onomastyka, miejscowości $#onomastika miesta $#onomastika místa $#Toponomie $#toponomastyka $#toponomastika $8--Trx--Namenkunde$gOrte $x05 $9391383450
244Z/01 $2Trx $8--Trx--Zeitschriftenaufsatz $x06 $9391384341
245Z/01 $a13.02 $x01
245Z/01 $a11.07 $x02
247C/01 $82080>Marburg/Lahn, Herder-Institut, Forschungsbibliothek, Bibliographieportal $9336309341
| LEADER | 00000caa a22000002c 4500 | ||
|---|---|---|---|
| 001 | 394588053 | ||
| 003 | DE-603 | ||
| 005 | 20210530143618.0 | ||
| 007 | tu | ||
| 008 | 161112s2003 xx |||| | u00||u|pol c | ||
| 035 | |a (DE-599)HEB394588053 | ||
| 040 | |a DE-603 |b ger |c DE-603 |d DE-603 | ||
| 041 | |a pol | ||
| 082 | 0 | 4 | |8 1\u |a 307.09438 |q DE-101 |2 23/BSB |
| 084 | |a 7,11 |a 7,39 |2 ssgn | ||
| 084 | |a LING |q DE-30 |2 fid | ||
| 085 | |8 1\u |b 307.09 | ||
| 085 | |8 1\u |z 2 |s 438 | ||
| 085 | |8 1\u |z 2 |s 4385 | ||
| 100 | 1 | |a Jaworska, Hanna | |
| 245 | 0 | 0 | |a Nazwy miejscowe powiatu jaworskiego |
| 246 | 1 | |i Übers. des Hauptsacht. |a Ortsnamen des Kreises Jauer | |
| 246 | 1 | 3 | |a Ortsnamen des Kreises Jauer |
| 264 | 0 | |c 2003 | |
| 773 | 0 | 8 | |i In |a Wrocławskie Towarzystwo Naukowe. Komisja Językowa |t Rozprawy Komisji Językowej |d Wrocław [u.a.] : Państw. Wydawn. Naukowe, 1959-2015 |x 0084-2990 |g Band 29 (2003), Seite 131-145 |w (DE-603)047286199 |w (DE-600)205639-2 |
| 924 | 0 | |9 2080 |a (DE-603)79069848X |b DE-2080 |c HES |d d |g / | |


